000 00380nam a2200133 4500
005 20260119145429.0
020 _a9781647404987
082 _a610.28 KEL
084 _2Colon Classification
100 _aKeller, Michael
_98292
245 _aFundamentals and Applications of Biosensors/
_cMichael Keller
260 _aNew York:
_bSyrawood Publishing House;
_c2025.
942 _2ddc
_cBK
999 _c755257
_d755257